| 000 | 01053cab a2200301 4500 | ||
|---|---|---|---|
| 001 | ABS52347 | ||
| 008 | 090401t1995 xxu||||| |||| 00| 0 eng d | ||
| 035 | _a(Sirsi) u74104 | ||
| 041 | _aeng | ||
| 100 | _aCollar, N. | ||
| 245 | _aUse Classes Order: review and solicitors` offices | ||
| 260 | _c1995 | ||
| 350 | _a0 | ||
| 490 |
_aProperty Law _v(13) February 1995, 8-9(2) |
||
| 520 | _aConsiders the conclusions of a review of the Use Classes Order, commissioned by the Scottish Office, and the implications of an English court decision on the application of the provisions of the Use Classes Order to solicitors` offices. | ||
| 650 | _aCLASS 4 | ||
| 650 | _aKALRA V SOS ENVIRONMENT | ||
| 650 | _aPERMITTED DEVELOPMENT ORDER | ||
| 650 | _aRETAIL | ||
| 650 | _aSCOTLAND | ||
| 650 | _aSOLICITORS OFFICES | ||
| 650 | _aTOWN AND COUNTRY PLANNING (SCOTLAND) ACT 1972 | ||
| 650 | _aTOWN AND COUNTRY PLANNING (USE CLASSES) ORDERS | ||
| 650 | _aUSE CLASSES | ||
| 690 | _aPLANNING LAW AND PRACTICE | ||
| 942 | _n0 | ||
| 948 | _c04/03/1997 | ||
| 999 |
_c46779 _d46779 |
||